000 00515nam a22002057a 4500
003 FEu
005 20140310182809.0
008 130218t xxu||||| |||| 00| 0 eng d
020 _a0-323-01632-4
050 _aRT 89
_b.L43 2003
245 _aLeading and managing in nursing
_cPatricia S.Yoder-Wise
250 _a3rd ed.
260 _aSt. Louis
_bMosby
_cc2003
300 _a612 p. :
_c25.3 cm.
_bill. ;
521 _aNUR
526 _c1210L-1700L
562 _e1
942 _2lcc
_cBK
_kFOR
999 _c16139
_d16139